• 首页
  • 本馆介绍
  • 公告通知
  • 最新文献
  • 馆藏检索
  • 电子资源
  • 读者导购
  • 参考咨询
  • 我的图书馆
  • 登录
  • 详细信息显示
  • 放入我的书架
  • 预约/预借图书
  • 作者相关作品
  • 分类相关作品
  • 丛书相关作品
  • 出版社相关作品

书目信息

  • 表格格式
  • 工作单格式
  • 卡片格式
题名:
自动显示技术及装置
    
 
作者: 李月景 编
分册: 下   计算机图形显示
出版信息: 北京   机械工业出版社  1981
页数: 315页
开本: 25cm
丛书名:
单 册:
中图分类: TN27
科图分类:
主题词: 显示--技术
电子资源:
ISBN:
000 00621nam0 2200229 45
001 0181006316
005 20060812151722.40
010    @dCNY2.10
091    @a15033.5048
100    @a19950421d1981 emky0chiy0121 ea
101 0  @achi
102    @aCN@b110000
105    @ay z 000yy
200 10 @a自动显示技术及装置@Azi dong xian shi ji shu ji zhuang zhi@h下@i计算机图形显示@f李月景编
210    @a北京@c机械工业出版社@d1981
215    @a315页@d25cm
606    @a显示@x技术
690    @aTN27@v3 
701  0 @a李月景@Ali yue jing@4编
801  2 @aCN@bNLC@c20060812
801  0 @aCN@bTSSF
905    @a10447@dTN27@e69:2
    
    自动显示技术及装置.下.计算机图形显示/李月景编.-北京:机械工业出版社,1981
    315页;25cm
    
    
    ISBN :CNY2.10
    
●
相关链接 在E读中查询图书 在五车中查询图书 在当当中查询图书 在豆瓣中查询图书


正题名:自动显示技术及装置     索取号:TN27/69:2         预约/预借

序号 登录号 条形码 馆藏地/架位号 状态 备注
1 0452407   204524078   密集书库/ [索取号:TN27/69:2] 在馆    
唐山师范学院图书馆 欢迎您!
大连网信软件有限公司© 版权所有